000 00459nam a2200145Ia 4500
003 OSt
005 20260202115032.0
008 211028s2019 xx 000 0 und d
040 _cAIMIT LIBRARY
041 _aeng
100 _aWilson, Arjun; Harinakshi.
_g1716027
_98007
245 _aStudy on Awareness level of customers towards Fantasy Sports with reference to starpick fantasy Bangalore /
260 _aMangalore
_bVinay Krishna
_c2019
942 _2ddc
_cPRO
999 _c219575
_d219575